000 00305nam a2200121 a 4500
008 100922s1958|||| d
245 1 0 _aVlk medzi vlky
100 1 _aFallada, Hans
260 _bStátní nakladatelství krásné literatury
_aPraha
_c1958
020 _c27
044 _axo
_cSK
041 _aslo
999 _c10587
_d10587